Dialogovaja mnogoterminal'naja sistema dlja SM EVM

Saved in:
Bibliographic Details
Format: Book
Language:Russian
Published: Moskva Finansy i statistika 1983
Tags: Add Tag
No Tags, Be the first to tag this record!

MARC

LEADER 00000nam a2200000 4500
001 c113953
005 20260130115158.7
041 0 |a rus 
044 |a RU 
245 1 0 |a Dialogovaja mnogoterminal'naja sistema dlja SM EVM 
264 1 |a Moskva  |b Finansy i statistika  |c 1983 
300 |a 157 s.